000 00775nam a2200241 i 4500
001 bg
003 BPK
005 20231012062802.0
008 010906s2001 pl f |000 0 pol
020 _a8371874545
040 _cBPK
080 _a347.78(438)
100 1 _aGóra, Ewa
245 1 0 _aPrawo autorskie i prawa pokrewne /
_cEwa Góra, Marcin Kotula.
250 _aStan prawny na dzień 1 stycznia 2001 r.
260 _aGdańsk :
_bOśrodek Doradztwa i Doskonalenia Kadr,
_c2001.
300 _a82 s. ;
_c24 cm.
504 _aWykaz aktów prawnych.
650 4 _aPrawo autorskie
_zPolska.
700 1 _aKotula, Marcin.
856 _uhttp://koha.tu.koszalin.pl/cgi-bin/koha/opac-detail.pl?biblionumber=41890
_yKatalog online BPK
942 _cKS
_2UKD
999 _c41890
_d41890